[Event "Åpent Buskerudmesterskap 2016 NGP"]
[Site "Kirkegata 7, Drammen"]
[Date "2016.04.09"]
[Round "2"]
[White "Tari, Aryan"]
[Black "Tryggestad, Andreas G"]
[Result "1-0"]
[WhiteElo "2549"]
[BlackElo "2198"]
[PlyCount "47"]
[EventDate "2016.??.??"]

1. e4 c5 2. Nf3 e6 3. d4 cxd4 4. Nxd4 Nc6 5. Nc3 Qc7 6. Be3 Nf6 7. f4 Nxd4 8.
Qxd4 b6 9. e5 Ng4 10. Bg1 Bc5 11. Qc4 Qc6 12. Bxc5 bxc5 13. Qe2 Nh6 14. O-O-O
O-O 15. Rd6 Qb7 16. Qe4 Qb8 17. Qc4 Nf5 18. Rd2 d6 19. exd6 Nxd6 20. Qxc5 Nf5
21. Bd3 Qxf4 22. Rf1 Qb8 23. g4 Nh4 24. Bxh7+
1-0

[Event "Åpent Buskerudmesterskap 2016 NGP"]
[Site "Kirkegata 7, Drammen"]
[Date "2016.04.09"]
[Round "2"]
[White "Risting, Eivind Olav"]
[Black "Sagafos, Magne"]
[Result "1/2-1/2"]
[WhiteElo "2175"]
[BlackElo "2405"]
[PlyCount "59"]
[EventDate "2016.??.??"]

1. Nf3 g6 2. d4 Nf6 3. g3 b6 4. Bg2 Bb7 5. O-O Bg7 6. c4 O-O 7. Nc3 Ne4 8. Bd2
c5 9. d5 Nxc3 10. Bxc3 Bxc3 11. bxc3 d6 12. e4 Nd7 13. Re1 f6 14. Qe2 Ba6 15.
Nd2 Ne5 16. f4 Nf7 17. Bh3 Qc7 18. Nf3 Kg7 19. a4 Bc8 20. Bxc8 Qxc8 21. Kg2 e5
22. fxe5 Nxe5 23. Nxe5 fxe5 24. Rf1 Qd7 25. Qc2 Rxf1 26. Rxf1 Rf8 27. Rxf8 Kxf8
28. h3 a6 29. Qb3 Qc7 30. Qd1
1/2-1/2

[Event "Åpent Buskerudmesterskap 2016 NGP"]
[Site "Kirkegata 7, Drammen"]
[Date "2016.04.09"]
[Round "2"]
[White "Skrondal, Inge Sandstad"]
[Black "Leite, Steinar"]
[Result "1-0"]
[WhiteElo "2270"]
[BlackElo "1670"]
[PlyCount "69"]
[EventDate "2016.??.??"]

1. Nf3 Nf6 2. d4 e6 3. e3 c5 4. Bd3 Be7 5. O-O b6 6. c4 Bb7 7. Nc3 d6 8. d5 e5
9. Nd2 Bc8 10. h3 O-O 11. f4 Nbd7 12. Nf3 Ne8 13. Bf5 exf4 14. exf4 g6 15. Bd3
f5 16. Re1 Ng7 17. Rb1 a6 18. Bd2 Ra7 19. a3 h6 20. b4 Re8 21. Qc2 Nf6 22. Kh2
Nfh5 23. a4 Bh4 24. Rxe8+ Nxe8 25. Ne2 Bf6 26. Rg1 Kh7 27. g3 Re7 28. Rg2 Bg7
29. g4 Nhf6 30. gxf5 gxf5 31. Bxf5+ Bxf5 32. Qxf5+ Kh8 33. Nh4 Re4 34. bxc5
bxc5 35. Qg6 
1-0

[Event "Åpent Buskerudmesterskap 2016 NGP"]
[Site "Kirkegata 7, Drammen"]
[Date "2016.04.09"]
[Round "2"]
[White "Staunsbjerg, Valdemar A"]
[Black "Nordquelle, Daniel"]
[Result "0-1"]
[WhiteElo "1922"]
[BlackElo "1997"]
[PlyCount "64"]
[EventDate "2016.??.??"]

1. e4 e6 2. d4 d5 3. Nd2 Be7 4. Ngf3 c5 5. exd5 exd5 6. c3 Nf6 7. Bd3 O-O 8.
O-O Bg4 9. h3 Bh5 10. dxc5 Bxc5 11. Nb3 Bb6 12. Re1 Nc6 13. Bf4 Qd7 14. Bg5 Qd6
15. Be3 Ne5 16. Be2 Bxe3 17. Nxe5 Bxf2+ 18. Kxf2 Ne4+ 19. Kg1 Bxe2 20. Nxf7
Rxf7 21. Rxe2 Raf8 22. Qd4 Rf4 23. Qe3 Qg6 24. Qd3 Qh5 25. Rd1 Kh8 26. Qe3 Rf2
27. Rde1 Qg6 28. Rxf2 Rxf2 29. g4 Qf6 30. Qxa7 h5 31. Qb8+ Kh7 32. Qxb7 Qf3
0-1

[Event "Åpent Buskerudmesterskap 2016 NGP"]
[Site "Kirkegata 7, Drammen"]
[Date "2016.04.09"]
[Round "2"]
[White "Huse, Sigurd Kjelsbøl"]
[Black "Sjøberg, Isak"]
[Result "1/2-1/2"]
[WhiteElo "1964"]
[BlackElo "1843"]
[PlyCount "77"]
[EventDate "2016.??.??"]

1. e4 e5 2. Nf3 Nc6 3. Bb5 a6 4. Bxc6 dxc6 5. O-O f6 6. d4 exd4 7. Nxd4 c5 8.
Ne2 Qxd1 9. Rxd1 Bd7 10. Nbc3 O-O-O 11. Be3 Re8 12. Ng3 Bc6 13. f3 b6 14. Kf2
Ne7 15. b3 g6 16. Nd5 Bg7 17. Nxe7+ Rxe7 18. Rab1 Rhe8 19. Re1 Kb7 20. Rbd1 Re6
21. c4 Bf8 22. Rd3 Bd6 23. Red1 R6e7 24. R1d2 Ka7 25. a4 a5 26. Rd1 Bb7 27. Bd2
Bc8 28. Bc3 f5 29. exf5 Bxg3+ 30. Kxg3 Bxf5 31. R3d2 Re3 32. Rc1 Kb7 33. Kf2
Bd3 34. Kg3 Kc6 35. h3 Bf5 36. Kf2 h5 37. Rb2 Rd3 38. Bd2 Rf8 39. Rc3 
1/2-1/2

[Event "Åpent Buskerudmesterskap 2016 NGP"]
[Site "Kirkegata 7, Drammen"]
[Date "2016.04.09"]
[Round "2"]
[White "Paulsen, Stig-Atle"]
[Black "Nilsen, Tobias Lang"]
[Result "1/2-1/2"]
[WhiteElo "1714"]
[BlackElo "1867"]
[PlyCount "98"]
[EventDate "2016.??.??"]

1. e4 c5 2. Nf3 d6 3. d4 cxd4 4. Nxd4 Nf6 5. Nc3 a6 6. a4 e5 7. Nf3 Be6 8. Be2
Be7 9. O-O O-O 10. Bg5 Nbd7 11. Kh1 Rc8 12. Bd3 h6 13. Bxf6 Nxf6 14. Nd2 d5 15.
exd5 Nxd5 16. Nxd5 Bxd5 17. Qg4 e4 18. Bxe4 Bxe4 19. Qxe4 Qxd2 20. Qxe7 Rxc2
21. Qxb7 Rxb2 22. Qxa6 Qd4 23. Rad1 Qf4 24. Qa7 Rfb8 25. h3 Qe4 26. Rde1 Qd5
27. Rd1 Qc6 28. a5 R2b3 29. Kg1 Ra8 30. Qe7 Rbb8 31. Rd7 Qg6 32. Rd6 Qc2 33.
Rd7 Qg6 34. Ra7 Rxa7 35. Qxa7 Rb3 36. Qa8+ Kh7 37. Kh1 Qd3 38. Re1 Qd2 39. Qe4+
g6 40. a6 Qxf2 41. Qe7 Ra3 42. Qxa3 Qxe1+ 43. Kh2 Qe5+ 44. Qg3 Qa5 45. Qd6 h5
46. Qe7 Qxa6 47. Qxf7+ Kh8 48. Qf8+ Kh7 49. Qf7+ Kh8 
1/2-1/2

[Event "Åpent Buskerudmesterskap 2016 NGP"]
[Site "Kirkegata 7, Drammen"]
[Date "2016.04.09"]
[Round "2"]
[White "Krohg, Georg A"]
[Black "Klausen, Truls Skauge"]
[Result "1-0"]
[WhiteElo "1833"]
[BlackElo "1762"]
[PlyCount "73"]
[EventDate "2016.??.??"]

1. e4 c6 2. d4 d5 3. exd5 cxd5 4. Bd3 Nf6 5. Bf4 Nc6 6. c3 e6 7. Nf3 Bd6 8.
Bxd6 Qxd6 9. O-O O-O 10. Re1 Bd7 11. Nbd2 Rac8 12. Ne5 a6 13. Re3 g6 14. h4 Be8
15. g4 Nd7 16. Qe2 f6 17. Nxc6 Rxc6 18. Nb3 Bf7 19. Na5 Rb6 20. c4 Qb4 21. c5
Qxa5 22. cxb6 Qxb6 23. Rd1 Qd6 24. Bc2 Re8 25. Bb3 Qf4 26. Bxd5 exd5 27. Rxe8+
Bxe8 28. Qxe8+ Nf8 29. Qe2 Kf7 30. Kg2 Ne6 31. Qf3 Qd6 32. Qe3 Qb4 33. Rd3 b5
34. Rb3 Qa4 35. a3 Nxd4 36. Rb4 Nc2 37. Qa7+ 1-0

[Event "Åpent Buskerudmesterskap 2016 NGP"]
[Site "Kirkegata 7, Drammen"]
[Date "2016.04.09"]
[Round "3"]
[White "Nordquelle, Daniel"]
[Black "Tari, Aryan"]
[Result "0-1"]
[WhiteElo "1997"]
[BlackElo "2549"]
[PlyCount "106"]
[EventDate "2016.??.??"]

1. e4 c6 2. d4 d5 3. e5 Bf5 4. h4 c5 5. dxc5 Nc6 6. Bb5 Bd7 7. Qxd5 e6 8. Qe4
Bxc5 9. Nc3 Qb6 10. Be3 Bxe3 11. Qxe3 Qxe3+ 12. fxe3 Nxe5 13. Nf3 Ng4 14. Rd1
Bxb5 15. Nxb5 Ke7 16. Ke2 N8f6 17. Nd6 Rhd8 18. Nc4 Ne4 19. Rxd8 Ng3+ 20. Ke1
Rxd8 21. Rh3 Ne4 22. Nfd2 Nxd2 23. Nxd2 Rc8 24. c3 Rd8 25. Ke2 Nf2 26. Rf3 Nd3
27. Rf1 b5 28. b3 Nc5 29. Nf3 Ne4 30. Rc1 e5 31. Rc2 f6 32. Nd2 Nd6 33. c4 bxc4
34. Nxc4 Nf5 35. Na5 Rd7 36. Rc4 h5 37. b4 Nd6 38. Rc2 Ne4 39. b5 Ng3+ 40. Kf3
Nf5 41. g3 g5 42. Nc6+ Ke6 43. hxg5 fxg5 44. Nb4 g4+ 45. Kf2 h4 46. gxh4 g3+
47. Kf3 Rg7 48. Rc6+ Kd7 49. Nd5 e4+ 50. Kxe4 g2 51. Rc7+ Kd8 52. Rc1 Ng3+ 53.
Kf3 Nf1 
0-1

[Event "Åpent Buskerudmesterskap 2016 NGP"]
[Site "Kirkegata 7, Drammen"]
[Date "2016.04.09"]
[Round "3"]
[White "Sagafos, Magne"]
[Black "Skrondal, Inge Sandstad"]
[Result "0-1"]
[WhiteElo "2405"]
[BlackElo "2270"]
[PlyCount "98"]
[EventDate "2016.??.??"]

1. e4 c5 2. b3 d6 3. Bb2 Nc6 4. Nc3 e5 5. Bc4 Nf6 6. d3 Be7 7. Nge2 O-O 8. O-O
Nd4 9. f4 Bd7 10. a4 a6 11. a5 Be6 12. Qd2 Nh5 13. h3 Nxf4 14. Nxf4 exf4 15.
Nd5 f3 16. Bxd4 fxg2 17. Qxg2 cxd4 18. Nb6 Bxc4 19. Nxa8 Bxd3 20. cxd3 Qxa8 21.
Rac1 Qd8 22. Rf5 Bf6 23. b4 Be5 24. Rc4 g6 25. Rf1 Kh8 26. Rfc1 b6 27. Rc8 Qxc8
28. Rxc8 Rxc8 29. Qg4 Rc1+ 30. Kf2 bxa5 31. bxa5 Rc5 32. Qd7 Kg7 33. Qa4 d5 34.
exd5 Rxd5 35. Qb4 Rb5 36. Qa4 g5 37. Kf3 Kg6 38. Ke4 f5+ 39. Kf3 h5 40. Qa2 g4+
41. Kg2 Kg5 42. Qd2+ f4 43. Kf2 Kh4 44. hxg4 hxg4 45. Qe1 f3 46. Kf1+ Kh3 47.
Qc1 Bg3 48. Kg1 Re5 49. Qh6+ Bh4 
0-1

[Event "Åpent Buskerudmesterskap 2016 NGP"]
[Site "Kirkegata 7, Drammen"]
[Date "2016.04.09"]
[Round "3"]
[White "Leite, Steinar"]
[Black "Tryggestad, Andreas G"]
[Result "0-1"]
[WhiteElo "1670"]
[BlackElo "2198"]
[PlyCount "48"]
[EventDate "2016.??.??"]

1. e4 c5 2. Nf3 e6 3. d3 d5 4. Nbd2 Nf6 5. g3 g6 6. Bg2 Bg7 7. O-O O-O 8. a4
Nc6 9. Re1 a5 10. c3 b6 11. Qc2 Ba6 12. Nf1 dxe4 13. dxe4 Bd3 14. Qb3 Bxe4 15.
Bg5 Bd5 16. c4 Bxf3 17. Qxf3 Rc8 18. Red1 Nd4 19. Qe3 h6 20. Bf4 g5 21. Bxg5
hxg5 22. Qxg5 Nh7 23. Qd2 Qg5 24. Ne3 Qh5 
0-1

[Event "Åpent Buskerudmesterskap 2016 NGP"]
[Site "Kirkegata 7, Drammen"]
[Date "2016.04.09"]
[Round "3"]
[White "Risting, Eivind Olav"]
[Black "Krohg, Georg A"]
[Result "1-0"]
[WhiteElo "2175"]
[BlackElo "1833"]
[PlyCount "45"]
[EventDate "2016.??.??"]

1. d4 e6 2. e4 d5 3. Nd2 Nf6 4. e5 Nfd7 5. Bd3 c5 6. c3 Nc6 7. Ne2 Qb6 8. Nf3
Be7 9. O-O cxd4 10. cxd4 g5 11. Bxg5 Bxg5 12. Nxg5 Nxd4 13. Nxd4 Qxd4 14. Nxe6
Qb6 15. Ng5 Nxe5 16. Re1 f6 17. Nxh7 Kd8 18. Be4 d4 19. Qd2 Rg8 20. Qf4 Ke7 21.
Bd5 Rg4 22. Rxe5+ fxe5 23. Qf8+ 
1-0

[Event "Åpent Buskerudmesterskap 2016 NGP"]
[Site "Kirkegata 7, Drammen"]
[Date "2016.04.09"]
[Round "3"]
[White "Støre, Trond"]
[Black "Huse, Sigurd Kjelsbøl"]
[Result "1-0"]
[WhiteElo "1988"]
[BlackElo "1964"]
[PlyCount "59"]
[EventDate "2016.??.??"]

1. d4 d5 2. c4 c6 3. Nf3 Nf6 4. Nc3 a6 5. c5 g6 6. Bf4 Bg7 7. e3 O-O 8. Be2
Nbd7 9. h3 Re8 10. O-O Nh5 11. Bh2 e5 12. Nxe5 Bxe5 13. dxe5 Ng7 14. e4 dxe4
15. Nxe4 Qe7 16. f4 Nxc5 17. Nf6+ Kh8 18. Nxe8 Nxe8 19. Bg4 Nc7 20. Bxc8 Rxc8
21. Qg4 Rd8 22. Bg3 Rd2 23. Rad1 Rxd1 24. Rxd1 Nd5 25. Bh4 Qe8 26. Qf3 Qe6 27.
Bf2 Nd7 28. Qb3 b5 29. Qa3 Kg8 30. Qxa6 
1-0

[Event "Åpent Buskerudmesterskap 2016 NGP"]
[Site "Kirkegata 7, Drammen"]
[Date "2016.04.09"]
[Round "3"]
[White "Klausen, Truls Skauge"]
[Black "Staunsbjerg, Valdemar A"]
[Result "0-1"]
[WhiteElo "1762"]
[BlackElo "1922"]
[PlyCount "156"]
[EventDate "2016.??.??"]

1. e4 c5 2. Nf3 Nc6 3. d4 cxd4 4. c3 d5 5. exd5 Qxd5 6. Be2 Nf6 7. cxd4 Bg4 8.
Nc3 Qa5 9. O-O e6 10. h3 Bh5 11. Qb3 Qb4 12. Nb5 Rc8 13. Bf4 Nd5 14. Qxb4 Bxb4
15. Nd6+ Kd7 16. Nxc8 Nxf4 17. Bb5 Bxf3 18. gxf3 Rxc8 19. Rfd1 Nxh3+ 20. Kg2
Nf4+ 21. Kg1 a6 22. Bf1 Bd6 23. a3 Na5 24. b4 Nc4 25. b5 axb5 26. Rdb1 Nxa3 27.
Bxb5+ Nxb5 28. Rxb5 Rc7 29. Kf1 Nd5 30. Rba5 Be7 31. Ra7 Bf6 32. Rb1 Bxd4 33.
Raxb7 Rxb7 34. Rxb7+ Nc7 35. Rb4 Be5 36. Kg2 Nd5 37. Rb7+ Bc7 38. Ra7 Ke7 39.
Kh3 Kf6 40. Kg4 g6 41. Ra4 h5+ 42. Kh4 Ne7 43. Rc4 Bb6 44. Kg3 Nf5+ 45. Kg2 g5
46. Rb4 Bd4 47. Rb3 Nh4+ 48. Kg3 Be5+ 49. Kh3 Ng6 50. Ra3 Nf4+ 51. Kg3 h4+ 52.
Kh2 Kf5 53. Ra4 Ne2+ 54. Kg2 Nd4 55. Ra7 f6 56. Ra3 Ne2 57. Re3 Nf4+ 58. Kh1
Bd4 59. Rb3 Bxf2 60. Rb5+ Nd5 61. Kg2 Bg3 62. Rc5 Be5 63. Ra5 Kf4 64. Ra4+ Kf5
65. Ra5 Nf4+ 66. Kh2 Ne2+ 67. Kg2 Kf4 68. Ra6 Nd4 69. Ra4 h3+ 70. Kxh3 Kxf3 71.
Ra3+ Kf4 72. Rg3 f5 73. Ra3 g4+ 74. Kg2 Ke4 75. Kf2 f4 76. Ra4 f3 77. Ra3 g3+
78. Kf1 Bf4 
0-1

[Event "Åpent Buskerudmesterskap 2016 NGP"]
[Site "Kirkegata 7, Drammen"]
[Date "2016.04.09"]
[Round "3"]
[White "Nilsen, Tobias Lang"]
[Black "Robertsen, Bjørn"]
[Result "1-0"]
[WhiteElo "1867"]
[BlackElo "1855"]
[PlyCount "71"]
[EventDate "2016.??.??"]

1. c4 c6 2. Nf3 d5 3. g3 Nf6 4. Bg2 Bf5 5. O-O e6 6. d3 Bd6 7. b3 O-O 8. Ba3
Re8 9. Bxd6 Qxd6 10. d4 Nbd7 11. Nc3 Qb4 12. Rc1 dxc4 13. bxc4 Qxc4 14. e4 Bg6
15. Nd5 Qxa2 16. Nc7 Bxe4 17. Nxe8 Nxe8 18. Re1 Ndf6 19. Ne5 Bxg2 20. Kxg2 Qd5+
21. Kg1 Nd7 22. Rb1 Nb6 23. Re3 Nd6 24. Qf3 Qxf3 25. Rxf3 Nd5 26. Nd3 b5 27.
Ne5 Ne7 28. Rc3 Ndf5 29. Nxc6 Nxc6 30. Rxc6 Nxd4 31. Rd6 e5 32. f4 f6 33. Kg2
a5 34. fxe5 fxe5 35. Re1 Re8 36. Rxd4 
1-0

[Event "Åpent Buskerudmesterskap 2016 NGP"]
[Site "Kirkegata 7, Drammen"]
[Date "2016.04.09"]
[Round "3"]
[White "Sjøberg, Isak"]
[Black "Paulsen, Stig-Atle"]
[Result "1-0"]
[WhiteElo "1843"]
[BlackElo "1714"]
[PlyCount "69"]
[EventDate "2016.??.??"]

1. e4 e5 2. Nf3 Nc6 3. Bb5 a6 4. Ba4 Nf6 5. Qe2 b5 6. Bb3 Be7 7. c3 d6 8. O-O
O-O 9. Rd1 Bg4 10. h3 Bh5 11. d3 Qc8 12. Nbd2 Rb8 13. Nf1 Na5 14. Bc2 b4 15.
Ng3 Bxf3 16. Qxf3 b3 17. axb3 Nxb3 18. Bxb3 Rxb3 19. Nf5 Re8 20. Bh6 Bf8 21.
Bg5 Re6 22. Qg3 Nh5 23. Qh4 g6 24. g4 Nf4 25. Bxf4 exf4 26. Nd4 Rxb2 27. Nxe6
Qxe6 28. Rxa6 Qb3 29. Rf1 Qxc3 30. Ra8 Qg7 31. Qd8 Rd2 32. Rb1 Rxf2 33. Qxf8+
Qxf8 34. Rxf8+ Kxf8 35. Kxf2 
1-0

[Event "Åpent Buskerudmesterskap 2016 NGP"]
[Site "Kirkegata 7, Drammen"]
[Date "2016.04.10"]
[Round "4"]
[White "Tari, Aryan"]
[Black "Skrondal, Inge Sandstad"]
[Result "1-0"]
[WhiteElo "2549"]
[BlackElo "2270"]
[PlyCount "53"]
[EventDate "2016.??.??"]

1. e4 c5 2. Nf3 Nc6 3. Bb5 g6 4. Bxc6 bxc6 5. O-O Bg7 6. Re1 e5 7. c3 d6 8. h3
Nf6 9. d4 cxd4 10. cxd4 exd4 11. Nxd4 Qc7 12. Nc3 O-O 13. Bf4 Nh5 14. Be3 Qb7
15. Qd2 Re8 16. Rac1 a6 17. Nde2 Qb4 18. a3 Qb8 19. Red1 Bf8 20. Na4 Qb5 21.
Nb6 Rb8 22. b4 Nf6 23. a4 Qh5 24. Ng3 Qe5 25. Bd4 Nxe4 26. Nxe4 Qxe4 27. Re1
1-0

[Event "Åpent Buskerudmesterskap 2016 NGP"]
[Site "Kirkegata 7, Drammen"]
[Date "2016.04.09"]
[Round "4"]
[White "Krohg, Georg A"]
[Black "Sagafos, Magne"]
[Result "0-1"]
[WhiteElo "1833"]
[BlackElo "2405"]
[PlyCount "118"]
[EventDate "2016.??.??"]

1. e4 c5 2. Nc3 Nc6 3. f4 g6 4. Nf3 Bg7 5. Bb5 Nd4 6. O-O Nxb5 7. Nxb5 d6 8. d3
Bg4 9. h3 Bxf3 10. Qxf3 Qd7 11. a4 a6 12. Nc3 e6 13. f5 O-O-O 14. Bg5 Bd4+ 15.
Kh1 Ne7 16. fxe6 fxe6 17. Qf7 Rde8 18. Ne2 Bxb2 19. Rab1 Be5 20. c3 d5 21. Rb6
dxe4 22. dxe4 Rhf8 23. Qxf8 Rxf8 24. Rxf8+ Kc7 25. Rb1 Qd3 26. Rbf1 Qxe2 27.
Bxe7 Kc6 28. Bh4 Qc4 29. Rc8+ Kd7 30. Rd8+ Kc7 31. Rf7+ Kb6 32. Rd1 Qxe4 33.
Bd8+ Kc6 34. a5 Kb5 35. Rff1 Bxc3 36. Rb1+ Bb4 37. Bc7 Kc6 38. Bd8 Kb5 39. Rfd1
Qc6 40. Rdc1 e5 41. Bb6 c4 42. Bd8 Qc5 43. Bb6 Qe7 44. Rd1 c3 45. Bd8 Qc5 46.
Bb6 Qc4 47. Rdc1 e4 48. Kg1 Kc6 49. Kf2 Bc5+ 50. Bxc5 Qxc5+ 51. Ke2 Qxa5 52.
Ke3 Qc5+ 53. Kxe4 b5 54. Ra1 Kb6 55. Rf1 Qc6+ 56. Ke5 b4 57. Rf6 Qxf6+ 58. Kxf6
c2 59. Ke5 b3 
0-1

[Event "Åpent Buskerudmesterskap 2016 NGP"]
[Site "Kirkegata 7, Drammen"]
[Date "2016.04.09"]
[Round "4"]
[White "Tryggestad, Andreas G"]
[Black "Risting, Eivind Olav"]
[Result "0-1"]
[WhiteElo "2198"]
[BlackElo "2175"]
[PlyCount "138"]
[EventDate "2016.??.??"]

1. e4 e6 2. d4 d5 3. Nc3 Bb4 4. Nge2 dxe4 5. a3 Be7 6. Nxe4 Nf6 7. N2g3 Nbd7 8.
Bd3 O-O 9. O-O b6 10. Bf4 Bb7 11. c4 Nxe4 12. Nxe4 Nf6 13. Nc3 Qd7 14. Be5 c5
15. Qc2 cxd4 16. Ne2 Rfd8 17. Rad1 Qc6 18. f3 h6 19. Kh1 Nd7 20. Bxd4 Rac8 21.
Bf2 Bf6 22. Nd4 Qc7 23. Nb5 Qb8 24. Nd6 Rc7 25. Bh7+ Kf8 26. Bg3 Ne5 27. Nxb7
Rxd1 28. Qxd1 Rxb7 29. Be4 Re7 30. Re1 Qc8 31. b3 Rd7 32. Qe2 Nc6 33. a4 Nd4
34. Qa2 Qc5 35. Rb1 a5 36. Be1 Nc6 37. Bxc6 Qxc6 38. b4 axb4 39. Bxb4+ Kg8 40.
Be1 Bd4 41. Rd1 g6 42. Qb3 e5 43. Qb5 Qe6 44. Bf2 Rc7 45. Bg3 Rxc4 46. a5 Rc5
47. Qxb6 Qxb6 48. axb6 Rb5 49. f4 f6 50. fxe5 fxe5 51. h3 Rxb6 52. Kh2 Rb2 53.
Re1 Rb5 54. Rc1 Kf7 55. Be1 Rb6 56. Bd2 g5 57. Kg3 Kg6 58. Kg4 e4 59. Kg3 Rb3+
60. Kh2 e3 61. Be1 Kf5 62. Rc6 Be5+ 63. g3 Rb1 64. Ba5 Ra1 65. Bb4 Ra2+ 66. Kg1
Bxg3 67. Rc8 e2 68. Re8 Ra1+ 69. Kg2 e1=Q 
0-1

[Event "Åpent Buskerudmesterskap 2016 NGP"]
[Site "Kirkegata 7, Drammen"]
[Date "2016.04.10"]
[Round "4"]
[White "Støre, Trond"]
[Black "Nordquelle, Daniel"]
[Result "1-0"]
[WhiteElo "1988"]
[BlackElo "1997"]
[PlyCount "77"]
[EventDate "2016.??.??"]

1. d4 Nf6 2. c4 c5 3. d5 e6 4. Nc3 exd5 5. cxd5 d6 6. Nf3 a6 7. a4 g6 8. h3 Qe7
9. Bf4 Nbd7 10. e3 Bg7 11. Bd3 O-O 12. O-O Nh5 13. Bg5 f6 14. Bh4 Ne5 15. Be2
Qf7 16. Nxe5 fxe5 17. Ne4 Qc7 18. Bxh5 gxh5 19. Qxh5 Bf5 20. Nf6+ Bxf6 21. Qxf5
Bxh4 22. Qg4+ Qg7 23. Qxh4 b5 24. Qe4 b4 25. Rac1 Rae8 26. Rc4 Rf6 27. Qd3 Rg6
28. Rg4 Rxg4 29. hxg4 e4 30. Qxa6 Qxb2 31. Qxd6 Qc3 32. a5 b3 33. a6 b2 34. a7
Qb3 35. Qe6+ Rxe6 36. a8=Q+ Kg7 37. Qa7+ Kh6 38. dxe6 Qd3 39. Qb6 
1-0

[Event "Åpent Buskerudmesterskap 2016 NGP"]
[Site "Kirkegata 7, Drammen"]
[Date "2016.04.10"]
[Round "4"]
[White "Huse, Sigurd Kjelsbøl"]
[Black "Klausen, Truls Skauge"]
[Result "1-0"]
[WhiteElo "1964"]
[BlackElo "1762"]
[PlyCount "71"]
[EventDate "2016.??.??"]

1. e4 e6 2. d4 d5 3. Nc3 Nf6 4. Bg5 Be7 5. e5 Nfd7 6. Bxe7 Qxe7 7. f4 c5 8. Nf3
Nc6 9. dxc5 Qxc5 10. Qd2 a6 11. O-O-O b5 12. Kb1 Nb6 13. a3 Nc4 14. Bxc4 bxc4
15. f5 Rb8 16. Ka1 h6 17. fxe6 fxe6 18. Qf4 Qb6 19. Rb1 Rf8 20. Qg3 Rf7 21. Qg6
Ne7 22. Qh7 Nf5 23. Rhe1 Ne3 24. Re2 Bb7 25. Qg8+ Rf8 26. Qxg7 d4 27. Qg6+ Ke7
28. Ne4 d3 29. cxd3 cxd3 30. Nd6 Bxf3 31. Qg7+ Rf7 32. Qxf7+ Kd8 33. Rxe3 Qxe3
34. Qxf3 Qd4 35. Qf8+ Kc7 36. Rc1+ 
1-0

[Event "Åpent Buskerudmesterskap 2016 NGP"]
[Site "Kirkegata 7, Drammen"]
[Date "2016.04.10"]
[Round "4"]
[White "Staunsbjerg, Valdemar A"]
[Black "Nilsen, Tobias Lang"]
[Result "1/2-1/2"]
[WhiteElo "1922"]
[BlackElo "1867"]
[PlyCount "78"]
[EventDate "2016.??.??"]

1. e4 c5 2. Nc3 Nc6 3. f4 e6 4. Nf3 d5 5. Bb5 a6 6. Bxc6+ bxc6 7. d3 Nf6 8. O-O
Be7 9. Qe1 c4 10. e5 Ng8 11. dxc4 Nh6 12. Kh1 a5 13. cxd5 cxd5 14. Nd4 Ba6 15.
Rf3 Nf5 16. Nxf5 exf5 17. Be3 d4 18. Rd1 Bh4 19. Bf2 Bxf2 20. Qxf2 O-O 21. Rxd4
Qb8 22. Na4 Rd8 23. h3 g6 24. Rb3 Qc7 25. Rc3 Qb8 26. Qd2 Rxd4 27. Qxd4 Qb5 28.
Rd3 Qc6 29. Qd5 Qxd5 30. Rxd5 Bc4 31. Rd1 Bxa2 32. b3 Rc8 33. Rd2 Bb1 34. c4
Be4 35. Kg1 Rb8 36. Nc5 Rc8 37. Nxe4 fxe4 38. Rd5 a4 39. bxa4 Rxc4 
1/2-1/2

[Event "Åpent Buskerudmesterskap 2016 NGP"]
[Site "Kirkegata 7, Drammen"]
[Date "2016.04.10"]
[Round "4"]
[White "Paulsen, Stig-Atle"]
[Black "Robertsen, Bjørn"]
[Result "1-0"]
[WhiteElo "1714"]
[BlackElo "1855"]
[PlyCount "33"]
[EventDate "2016.??.??"]

1. e4 c5 2. Nf3 d6 3. Nc3 g6 4. b3 Bg7 5. Bb2 a6 6. g3 Nc6 7. Bg2 e6 8. O-O b5
9. Qc1 Nge7 10. Nxb5 e5 11. Nc3 O-O 12. d3 f5 13. exf5 gxf5 14. Qg5 f4 15. Nh4
Qe8 16. gxf4 exf4 17. Nd5 
1-0

[Event "Åpent Buskerudmesterskap 2016 NGP"]
[Site "Kirkegata 7, Drammen"]
[Date "2016.04.10"]
[Round "4"]
[White "Leite, Steinar"]
[Black "Sjøberg, Isak"]
[Result "1-0"]
[WhiteElo "1670"]
[BlackElo "1843"]
[PlyCount "143"]
[EventDate "2016.??.??"]

1. e4 e5 2. Nf3 Nc6 3. Bb5 a6 4. Ba4 Nf6 5. O-O Be7 6. Re1 b5 7. Bb3 O-O 8. c3
d5 9. exd5 Nxd5 10. d4 exd4 11. Nxd4 Nxd4 12. Qxd4 Bb7 13. Nd2 Bf6 14. Qg4 g6
15. Nf3 c6 16. Bh6 Re8 17. Rxe8+ Qxe8 18. Re1 Qd8 19. Qe4 Bg7 20. Bxg7 Kxg7 21.
Bxd5 Qxd5 22. Qxd5 cxd5 23. Re7 Bc8 24. Nd4 Kf6 25. Rc7 Be6 26. f4 h5 27. Kf2
Bg4 28. h3 Be6 29. Kf3 h4 30. Rc6 Rc8 31. Rxa6 b4 32. Rc6 Rxc6 33. Nxc6 bxc3
34. bxc3 d4 35. Nxd4 Bxa2 36. Kg4 Bd5 37. Nf3 Ke6 38. Nxh4 Be4 39. Nf3 Kd5 40.
Kg3 Bf5 41. Nd2 Kd6 42. Kf3 Ke7 43. Ke3 Bd7 44. Kd4 Kf8 45. g4 Ke7 46. Nc4 Bc6
47. h4 Bf3 48. Ne5 Bd1 49. g5 Bc2 50. c4 f6 51. Nc6+ Ke6 52. Nb4 Ba4 53. Nd5
fxg5 54. hxg5 Bc6 55. Ne3 Bb7 56. Kc5 Be4 57. Kb6 Kd7 58. Ng4 Ke6 59. Nh6 Ke7
60. Kc7 Bd3 61. c5 Be4 62. c6 Bd5 63. Kb6 Be6 64. Kb7 Bd5 65. Ng4 Ke6 66. Ne5
Kf5 67. Nxg6 Kxg6 68. Kb6 Be6 69. Kc5 Kf5 70. Kd6 Bc8 71. Ke7 Kxf4 72. g6 
1-0

[Event "Åpent Buskerudmesterskap 2016 NGP"]
[Site "Kirkegata 7, Drammen"]
[Date "2016.04.10"]
[Round "5"]
[White "Risting, Eivind Olav"]
[Black "Tari, Aryan"]
[Result "0-1"]
[WhiteElo "2175"]
[BlackElo "2549"]
[PlyCount "96"]
[EventDate "2016.??.??"]

1. Nf3 d5 2. g3 Nc6 3. d4 Bg4 4. Bg2 Qd7 5. O-O O-O-O 6. c4 dxc4 7. Qa4 Kb8 8.
Qxc4 Bxf3 9. Bxf3 Nxd4 10. Qxf7 Nf6 11. Nc3 e5 12. Qc4 Qe6 13. Qxe6 Nxe6 14.
Be3 Bc5 15. Bxc5 Nxc5 16. Rfd1 a5 17. Rac1 c6 18. b3 Ka7 19. h4 e4 20. Bg2
Rxd1+ 21. Rxd1 b5 22. Rd4 h5 23. Nd1 Re8 24. Ne3 Kb6 25. Bh3 Re5 26. Rd8 Nd5
27. Rb8+ Kc7 28. Rc8+ Kb6 29. Rb8+ Kc7 30. Rc8+ Kb7 31. Rg8 Nc3 32. Rxg7+ Kb6
33. Rg5 Re8 34. Rg6 Nxa2 35. Nd5+ Kb7 36. Rg7+ Kb8 37. Nb6 Rd8 38. g4 Nc1 39.
gxh5 Nxe2+ 40. Kh2 Rh8 41. Nd7+ Nxd7 42. Bxd7 Nd4 43. Kg3 a4 44. bxa4 bxa4 45.
Kf4 a3 46. Bxc6 Ne6+ 47. Kxe4 Nxg7 48. Bd5 Rxh5 
0-1

[Event "Åpent Buskerudmesterskap 2016 NGP"]
[Site "Kirkegata 7, Drammen"]
[Date "2016.04.10"]
[Round "5"]
[White "Sagafos, Magne"]
[Black "Staunsbjerg, Valdemar A"]
[Result "1-0"]
[WhiteElo "2405"]
[BlackElo "1922"]
[PlyCount "47"]
[EventDate "2016.??.??"]

1. e4 c5 2. Nc3 Nc6 3. Bb5 d6 4. Bxc6+ bxc6 5. d3 g6 6. f4 Bg7 7. Nf3 d5 8. O-O
e6 9. Qe1 Ne7 10. Na4 c4 11. Bd2 a5 12. dxc4 Ba6 13. Bxa5 Qb8 14. Nb6 Qa7 15.
Rf2 Rb8 16. c5 dxe4 17. Ng5 Bd4 18. Nxe4 Nd5 19. c4 Nxb6 20. cxb6 Rxb6 21. Bc3
Rb8 22. Bxd4 Qxd4 23. Rd1 Qa7 24. Qc3 
1-0

[Event "Åpent Buskerudmesterskap 2016 NGP"]
[Site "Kirkegata 7, Drammen"]
[Date "2016.04.10"]
[Round "5"]
[White "Skrondal, Inge Sandstad"]
[Black "Støre, Trond"]
[Result "1-0"]
[WhiteElo "2270"]
[BlackElo "1988"]
[PlyCount "155"]
[EventDate "2016.??.??"]

1. d4 Nf6 2. Nf3 d5 3. c4 e6 4. g3 Be7 5. Bg2 O-O 6. O-O c6 7. b3 b6 8. Nbd2
Bb7 9. Qc2 Nbd7 10. Rd1 Rc8 11. e4 dxe4 12. Nxe4 Nxe4 13. Qxe4 Bf6 14. Bf4 Qe7
15. Rac1 Rfd8 16. Ne5 Bg5 17. Bxg5 Qxg5 18. f4 Qe7 19. c5 Nxe5 20. Qxe5 Rd7 21.
a4 bxc5 22. Qxc5 Qxc5 23. dxc5 Rcd8 24. Rxd7 Rxd7 25. b4 Rc7 26. Rd1 Kf8 27.
Kf2 Ke7 28. Rd6 h5 29. Ke3 g6 30. Be4 a6 31. Kd4 Ba8 32. b5 axb5 33. axb5 cxb5
34. Bxa8 Ra7 35. Bc6 Ra4+ 36. Ke3 Rc4 37. Rd7+ Kf6 38. Bxb5 Rxc5 39. Bd3 e5 40.
Rd6+ Ke7 41. Ra6 exf4+ 42. Kxf4 Rc3 43. Ke3 Rc7 44. Ra2 Kf6 45. Rf2+ Kg5 46.
Rf4 Kh6 47. Bc4 Kg7 48. Kd4 Rd7+ 49. Bd5 Rc7 50. Rf2 Ra7 51. Rb2 Ra1 52. Rb7
Rf1 53. Ke3 Rf5 54. Bb3 Re5+ 55. Kf3 Rf5+ 56. Kg2 Rf6 57. Bc4 Rf5 58. Be2 Re5
59. Kf2 Rf5+ 60. Bf3 Rf6 61. Ke3 Re6+ 62. Kd4 Rf6 63. Bd5 h4 64. Ke3 hxg3 65.
hxg3 Rf5 66. Bc4 Rf6 67. g4 Kf8 68. Rc7 Kg7 69. Bd5 Rf1 70. Bc4 Rf6 71. Ke4 Rf2
72. g5 Rg2 73. Rxf7+ Kh8 74. Kf4 Rc2 75. Bd5 Rd2 76. Ke5 Re2+ 77. Kf6 Rd2 78.
Kxg6 
1-0